00955nam a2200277 a 4500001000400000003001000004005001700014008004100031020001800072040002500090080001700115090002700132100002900159245004800188250003400236260003300270300003400303504002500337650003600362650005000398650004000448650003400488942001200522952013000534999001300664657BR-CuiBMT20231120054013.0231101s2010 spba 000 0 por d a9788522459674 aBR-CuiBMTcBR-CuiBMT a336.1422007 a336.14bG429oc15. ed.1 aGiacomoni, James,d1943-10aOrçamento público /cJames Giacomoni.  a15. ed., ampl., rev. e atual. aSão Paulo :bAtlas,c2010. axxiii, 369 p. ;bil. :c24 cm aInclui bibliografia. aDespesas públicasxPrevisão aFinanças públicasvLegislaçãozBrasil aAdministração públicazBrasil aOrçamento públicozBrasil 2udccLV 00102udc4070aBIBTCEMTbBIBTCEMTd2015-09-24l0o336.14 G429o 15. ed.pBIBTCEMT23110480r2023-11-12tEx. 1w2023-11-12yLV c657d657